| 000 | 00650nam a22002057a 4500 | ||
|---|---|---|---|
| 005 | 20220429141739.0 | ||
| 008 | 180816b xxu||||| |||| 00| 0 eng d | ||
| 020 |
_a9789385392405 _cRs.275.00 |
||
| 040 | _aLoreto College | ||
| 041 | _aEnglish | ||
| 082 |
_a491.44 _bBIS |
||
| 245 |
_aBahurupe bhasha Vol.1 _bPrayoger Bangla byabaharer Bangla _cCompiled and edited by Shyamasree Biswas Sengupta;introduction by Pabitra Sarkar |
||
| 260 |
_aKolkata _bPrativas _c2015 |
||
| 300 |
_a208p _b22cm |
||
| 650 | _aBengali language | ||
| 650 | _aEssays on Bengali language | ||
| 700 |
_4ed. _aBiswas Sengupta, Shyamasree |
||
| 850 | _aLCLIB | ||
| 942 | _cBK | ||
| 999 |
_c41770 _d92249 |
||